Handbook of research on high-technology entrepreneurs / (Record no. 8844)

MARC details
000 -LEADER
fixed length control field 01528cam a22003617a 4500
001 - CONTROL NUMBER
control field 15971627
003 - CONTROL NUMBER IDENTIFIER
control field OSt
005 - DATE AND TIME OF LATEST TRANSACTION
control field 20240625153219.0
008 - FIXED-LENGTH DATA ELEMENTS--GENERAL INFORMATION
fixed length control field 091103s2010 enka b 001 0 eng
010 ## - LIBRARY OF CONGRESS CONTROL NUMBER
LC control number 2009940639
015 ## - NATIONAL BIBLIOGRAPHY NUMBER
National bibliography number GBB005039
Source bnb
016 7# - NATIONAL BIBLIOGRAPHIC AGENCY CONTROL NUMBER
Record control number 015462859
Source Uk
020 ## - INTERNATIONAL STANDARD BOOK NUMBER
International Standard Book Number 9781847209498 (hbk.)
020 ## - INTERNATIONAL STANDARD BOOK NUMBER
International Standard Book Number 1847209491 (hbk.)
035 ## - SYSTEM CONTROL NUMBER
System control number (OCoLC)ocn424554828
040 ## - CATALOGING SOURCE
Original cataloging agency UKM
Transcribing agency must
Modifying agency BTCTA
-- YDXCP
-- CDX
-- BWX
-- EUM
-- TULIB
-- DLC
042 ## - AUTHENTICATION CODE
Authentication code ukblcatcopy
-- lccopycat
050 00 - LIBRARY OF CONGRESS CALL NUMBER
Classification number HD62.37
Item number .H346 2010
082 04 - DEWEY DECIMAL CLASSIFICATION NUMBER
Classification number 338.04 HAN 2010
Edition number 22
245 00 - TITLE STATEMENT
Title Handbook of research on high-technology entrepreneurs /
Statement of responsibility, etc. edited by A. Malach-Pines and M.F. Özbilgin.
260 ## - PUBLICATION, DISTRIBUTION, ETC. (IMPRINT)
Place of publication, distribution, etc. Cheltenham, UK ;
-- Northampton, MA :
Name of publisher, distributor, etc. Edward Elgar,
Date of publication, distribution, etc. c2010.
300 ## - PHYSICAL DESCRIPTION
Extent ix, 406 p. :
Other physical details ill. ;
Dimensions 24 cm.
504 ## - BIBLIOGRAPHY, ETC. NOTE
Bibliography, etc Includes bibliographical references and index.
520 8# - SUMMARY, ETC.
Summary, etc. This comprehensive handbook presents an extensive overview of empirical and conceptual developments in the study of high-tech entrepreneurs from an interdisciplinary and multinational perspective.--
Assigning source Source other than Library of Congress.
650 #0 - SUBJECT ADDED ENTRY--TOPICAL TERM
Topical term or geographic name as entry element Entrepreneurship.
9 (RLIN) 6831
650 #0 - SUBJECT ADDED ENTRY--TOPICAL TERM
Topical term or geographic name as entry element High technology industries
General subdivision Management.
9 (RLIN) 17872
650 #0 - SUBJECT ADDED ENTRY--TOPICAL TERM
Topical term or geographic name as entry element Technological innovations
General subdivision Management.
9 (RLIN) 11801
700 1# - ADDED ENTRY--PERSONAL NAME
Personal name Malakh-Pines, Ayala.
9 (RLIN) 17873
700 1# - ADDED ENTRY--PERSONAL NAME
Personal name Özbilgin, Mustafa.
9 (RLIN) 17874
906 ## - LOCAL DATA ELEMENT F, LDF (RLIN)
a 7
b cbc
c copycat
d 2
e ncip
f 20
g y-gencatlg
942 ## - ADDED ENTRY ELEMENTS (KOHA)
Source of classification or shelving scheme Dewey Decimal Classification
Koha item type Open Shelf
Holdings
Withdrawn status Lost status Source of classification or shelving scheme Damaged status Not for loan Home library Current library Date acquired Source of acquisition Inventory number Total Checkouts Full call number Barcode Date last seen Price effective from Koha item type
    Other/Generic Classification Scheme     MUST Main Library MUST Main Library 25/06/2024 purchase 11/35035   338.04 HAN 2010 2024-21320 25/06/2024 25/06/2024 Open Shelf